| 000 | 00516nam a22001817a 4500 | ||
|---|---|---|---|
| 003 | CEME | ||
| 005 | 20210628201821.0 | ||
| 008 | 210216b xxu||||| |||| 00| 0 eng d | ||
| 020 | _a0-7645-3321-5 | ||
| 040 | _c. | ||
| 082 | _a005.3 JON | ||
| 100 |
_aJones, Edward _956948 |
||
| 245 | _aMicrosoft access 2000, developer's guide | ||
| 260 |
_aNEW YORK _bM&T BOOK IDG BOOKS _c1999 |
||
| 300 | _aXXXIV,849P | ||
| 650 |
_aMICROSOFT ACCESS DATABASE MANAGEMENT ACCESS 2000 DEVELOPER'S GUIDE _956949 |
||
| 942 |
_cBK _2ddc |
||
| 999 |
_c567266 _d567266 |
||